000 01327cam a2200313 i 4500
003 SA-RiAUC
005 20250527073238.0
008 250523s1983 su g 00000 ara c
040 _aSA-RiKSU
_bara
_cSA-RiAUC
_erda
082 0 4 _a222.22
_qSA-RiAUC
090 _a222.22
_b ش ل ب
100 1 _aشلبي، عبد الفتاح إسماعيل،
_d1925-
_eمؤلف.
245 1 0 _aرسم المصحف العثماني وأوهام المستشرقين في قراءات القرآن الكريم :
_bدافعها ودفعها /
_cعبد الفتاح إسماعيل شلبي.
250 _aالطبعة الثانية، مزيدة ومنقحة.
264 1 _aجدة، السعودية :
_bدار الشروق،
_c1983
300 _a151 صفحة ؛
_c22 سم.
336 _aنص
_btxt
_2rdacontent
_3كتاب
337 _aبدون وسيط
_bn
_2rdamedia
338 _aمجلد
_bnc
_2rdacarrier
490 0 _aفي الدراسات القرآنية واللغوية
630 2 7 _aالقرآن
_xدفع مطاعن
_2aucut
650 2 7 _aالمصاحف
_2aucsh
650 7 _aالمصاحف العثمانية
_2aucsh
650 7 _aرسم المصاحف
_2aucsh
650 7 _aالاستشراق والمستشرقون
_2aucsh
730 2 2 _aالقرآن
942 _2ddc
_cBOOK
_n0
949 _aSA-JeALM
_d250523
_umohamedma123
_n1
999 _c8399
_d8399